[Event "6th Sharjah Masters 2023"]
[Site "Sharjah UAE"]
[Date "2023.05.24"]
[Round "8.29"]
[White "Mishra, Abhimanyu"]
[Black "Ter-Sahakyan, Samvel"]
[Result "1/2-1/2"]
[WhiteTitle "GM"]
[BlackTitle "GM"]
[WhiteElo "2550"]
[BlackElo "2617"]
[WhiteFideId "30920019"]
[BlackFideId "13302531"]
[EventDate "2023.05.17"]
[EventType "swiss"]

1. d4 Nf6 2. c4 e6 3. Nf3 c5 4. d5 d6 5. Nc3 exd5 6. cxd5 g6 7. Nd2 Bg7 8. e4
O-O 9. Be2 Na6 10. O-O Nc7 11. a4 a6 12. Nc4 b5 13. axb5 axb5 14. Rxa8 Nxa8 15.
Nxb5 Nxe4 16. Bf4 Qf6 17. Bxd6 Nxd6 18. Nbxd6 Nb6 19. Nxc8 Rxc8 20. b3 Nxc4 21.
bxc4 Ra8 22. Qd3 Ra1 23. Rxa1 Qxa1+ 24. Bf1 Qd4 25. d6 Kf8 26. Qh3 Qxd6 27. Qxh7
Qf4 28. g3 Qh6 29. Qxh6 Bxh6 30. Bg2 Bc1 31. Bd5 Kg7 32. h4 g5 33. hxg5 Bxg5 34.
f4 Bf6 35. Kf2 Bd4+ 36. Kf3 f6 37. Kg4 Bf2 38. Be4 Kf7 39. Kf3 Bd4 1/2-1/2

[Event "6th Sharjah Masters 2023"]
[Site "Sharjah UAE"]
[Date "2023.05.24"]
[Round "8.30"]
[White "Puranik, Abhimanyu"]
[Black "Harsha, Bharathakoti"]
[Result "1/2-1/2"]
[WhiteTitle "GM"]
[BlackTitle "GM"]
[WhiteElo "2613"]
[BlackElo "2602"]
[WhiteFideId "5061245"]
[BlackFideId "5078776"]
[EventDate "2023.05.17"]
[EventType "swiss"]

1. c4 e6 2. Nc3 d5 3. d4 c6 4. e4 dxe4 5. Nxe4 Bb4+ 6. Bd2 Qxd4 7. Bxb4 Qxe4+ 8.
Ne2 Na6 9. Bf8 Ne7 10. Bxg7 Nb4 11. Qd6 Nd3+ 12. Kd2 Nf5 13. Qxd3 Qxd3+ 14. Kxd3
Nxg7 15. Kc3 b6 16. g4 Bb7 17. c5 O-O-O 18. Ng3 h5 19. g5 Kc7 20. h4 bxc5 21.
Ne4 Rd5 22. Bc4 Rf5 23. Rad1 Bc8 24. Rd2 Rd8 25. Rxd8 Kxd8 26. Be2 Rf4 27. Ng3 1/2-1/2

[Event "6th Sharjah Masters 2023"]
[Site "Sharjah UAE"]
[Date "2023.05.24"]
[Round "8.31"]
[White "Theodorou, Nikolas"]
[Black "Yoo, Christopher Woojin"]
[Result "1/2-1/2"]
[WhiteTitle "GM"]
[BlackTitle "GM"]
[WhiteElo "2591"]
[BlackElo "2607"]
[WhiteFideId "4262875"]
[BlackFideId "30909694"]
[EventDate "2023.05.17"]
[EventType "swiss"]

1. Nf3 d5 2. b3 c5 3. e3 a6 4. Bb2 Nc6 5. d4 Nf6 6. Nbd2 Bg4 7. Be2 cxd4 8. Nxd4
Nxd4 9. Bxd4 Bxe2 10. Qxe2 e6 11. O-O Rc8 12. c4 Bc5 13. Bxf6 Qxf6 14. cxd5 exd5
15. Nf3 O-O 16. Rad1 Rcd8 17. Rd3 d4 18. exd4 Bxd4 19. Rxd4 Rxd4 20. Nxd4 Qxd4
21. Rd1 Qf6 22. g3 Rc8 23. Qe4 g6 24. Kg2 b5 25. h4 h5 26. Rd7 Kg7 27. a4 Rc3
28. axb5 axb5 29. Rd3 b4 30. Rd4 Rxb3 31. Rxb4 Rxb4 32. Qxb4 Qc6+ 33. Kg1 Qc1+
34. Kg2 Qa1 1/2-1/2

[Event "6th Sharjah Masters 2023"]
[Site "Sharjah UAE"]
[Date "2023.05.24"]
[Round "8.32"]
[White "Peralta, Fernando"]
[Black "Tin, Jingyao"]
[Result "0-1"]
[WhiteTitle "GM"]
[BlackTitle "GM"]
[WhiteElo "2596"]
[BlackElo "2576"]
[WhiteFideId "105309"]
[BlackFideId "5804418"]
[EventDate "2023.05.17"]
[EventType "swiss"]

1. d4 d5 2. c4 c6 3. Nf3 Nf6 4. Nc3 e6 5. e3 Nbd7 6. Qc2 Bd6 7. b3 O-O 8. Be2 b6
9. O-O Bb7 10. Bb2 Qe7 11. Rfe1 Rfe8 12. e4 Nxe4 13. Nxe4 dxe4 14. Qxe4 Rad8 15.
Bd3 Nf8 16. Qg4 Ba3 17. Bxa3 Qxa3 18. Qf4 c5 19. d5 exd5 20. Ng5 f6 21. Nxh7
Nxh7 22. Qc7 Qa5 23. Re7 Rxe7 24. Qxd8+ Kf7 25. Bg6+ Kxg6 26. Qxe7 Qc3 27. Rd1
Qc2 28. Rf1 Ba6 29. Qxa7 Qxa2 30. cxd5 Ng5 31. d6 Qe2 32. Ra1 Bb5 33. d7 Ne6 34.
Qxb6 Qe5 35. Rd1 Bxd7 36. Qd6 Bb5 37. b4 c4 38. f3 Qe3+ 39. Kh1 c3 40. Qg3+ Kf7 0-1

[Event "6th Sharjah Masters 2023"]
[Site "Sharjah UAE"]
[Date "2023.05.24"]
[Round "8.33"]
[White "Sethuraman, S.P."]
[Black "Mastrovasilis, Dimitrios"]
[Result "1/2-1/2"]
[WhiteTitle "GM"]
[BlackTitle "GM"]
[WhiteElo "2626"]
[BlackElo "2603"]
[WhiteFideId "5021596"]
[BlackFideId "4202694"]
[EventDate "2023.05.17"]
[EventType "swiss"]

1. d4 d5 2. c4 e6 3. Nf3 Nf6 4. g3 Bb4+ 5. Nc3 O-O 6. Bg2 dxc4 7. O-O Nc6 8. Re1
Rb8 9. e4 b5 10. a3 Be7 11. Bf4 a6 12. Qd2 Na5 13. Rad1 Bb7 14. h4 Nb3 15. Qc2
h6 16. Bh3 Bd6 17. Be3 Qe8 18. Nd2 Nxd2 19. Rxd2 e5 20. dxe5 Bxe5 21. Bc5 Bd6
22. Bxd6 cxd6 23. Rxd6 Qe5 24. Qd2 Rfe8 25. Bg2 a5 26. f4 Qc5+ 27. Qd4 Qxd4+ 28.
Rxd4 b4 29. axb4 axb4 30. Na2 Rbd8 31. Rxd8 Rxd8 32. Nxb4 Rd2 33. Nd5 Nxd5 34.
exd5 Bxd5 35. Bxd5 Rxd5 36. Rc1 Rd2 37. Rxc4 1/2-1/2

[Event "6th Sharjah Masters 2023"]
[Site "Sharjah UAE"]
[Date "2023.05.24"]
[Round "8.34"]
[White "Vescovi, Giovanni"]
[Black "Acs, Peter"]
[Result "0-1"]
[WhiteTitle "GM"]
[BlackTitle "GM"]
[WhiteElo "2606"]
[BlackElo "2561"]
[WhiteFideId "2100789"]
[BlackFideId "708020"]
[EventDate "2023.05.17"]
[EventType "swiss"]

1. d4 Nf6 2. c4 c6 3. Nf3 d5 4. Nc3 e6 5. Bg5 dxc4 6. e4 b5 7. e5 h6 8. Bh4 g5
9. Nxg5 hxg5 10. Bxg5 Be7 11. exf6 Bxf6 12. Bxf6 Qxf6 13. g3 Na6 14. Bg2 Bb7 15.
Ne4 Qe7 16. O-O O-O-O 17. a4 f5 18. Nd2 Rxd4 19. Qe1 Rhd8 20. axb5 cxb5 21. Nf3
Rd3 22. Ra5 Bxf3 23. Bxf3 Nc7 24. Be2 Rd2 25. Rxa7 Qc5 26. Ra3 Rxb2 27. Re3 f4
28. gxf4 Qf5 29. Bf3 Qxf4 30. Bg2 Rh8 31. Rg3 Qd4 32. Qa1 c3 33. Kh1 b4 34. f4
Rd2 35. f5 exf5 36. Qa5 f4 37. Rg4 Rd1 38. Qf5+ Qd7 39. Qxd7+ Rxd7 40. Rgxf4 b3
41. Rb4 b2 42. Be4 Na6 43. Ra4 Rh4 44. Rf8+ Kc7 45. Rc4+ Kd6 46. Rf6+ Ke7 47.
Rb6 Rc7 0-1

[Event "6th Sharjah Masters 2023"]
[Site "Sharjah UAE"]
[Date "2023.05.24"]
[Round "8.35"]
[White "Can, Emre"]
[Black "Kobalia, Mikhail"]
[Result "1/2-1/2"]
[WhiteTitle "GM"]
[BlackTitle "GM"]
[WhiteElo "2575"]
[BlackElo "2578"]
[WhiteFideId "6302181"]
[BlackFideId "4119150"]
[EventDate "2023.05.17"]
[EventType "swiss"]

1. d4 d5 2. c4 c6 3. Nf3 Nf6 4. Nc3 e6 5. Bg5 Nbd7 6. e3 h6 7. Bh4 Be7 8. Bd3
dxc4 9. Bxc4 b5 10. Bd3 a6 11. Bxf6 Nxf6 12. Ne4 Nd7 13. Qc2 Bb7 14. O-O O-O 15.
Rfd1 Qb6 16. Rac1 a5 17. Nc5 Nxc5 18. dxc5 Qc7 19. a4 bxa4 20. Qxa4 Rfd8 21. Qe4
Bf6 22. b3 g6 23. h4 Rd5 24. Nd4 Qe7 25. g3 Rad8 26. Bc4 Rxc5 27. Nf3 h5 28.
Rxd8+ Qxd8 29. Qb1 Rf5 30. Rd1 Qa8 31. Nd2 Be7 32. Qd3 Qb8 33. Ne4 c5 34. Nd6
Qxd6 35. Qxd6 Bxd6 36. Rxd6 g5 37. Rd8+ Kg7 38. hxg5 Bf3 39. Rd7 Re5 40. Ra7 Kg6
41. Bd3+ Kxg5 42. Be2 Kg4 43. Bxf3+ Kxf3 44. Rxf7+ Ke2 45. Ra7 c4 46. bxc4 Kd3
47. Rc7 Kc3 48. c5 Kb4 49. c6 Kb5 50. Rc8 Kb6 51. Kg2 Rc5 52. f4 Rxc6 53. Rh8 a4
54. Rxh5 a3 55. Kf3 a2 56. Rh1 Kc5 57. Ra1 Ra6 58. g4 Kd6 59. g5 Ke7 60. Kg4 Kf7
61. Kh5 Kg7 62. e4 Ra5 63. f5 exf5 64. exf5 Rxf5 65. Rxa2 Rf7 66. Ra6 1/2-1/2

[Event "6th Sharjah Masters 2023"]
[Site "Sharjah UAE"]
[Date "2023.05.24"]
[Round "8.36"]
[White "Petkov, Momchil"]
[Black "Sadhwani, Raunak"]
[Result "0-1"]
[WhiteTitle "GM"]
[BlackTitle "GM"]
[WhiteElo "2522"]
[BlackElo "2627"]
[WhiteFideId "2921642"]
[BlackFideId "35093487"]
[EventDate "2023.05.17"]
[EventType "swiss"]

1. d4 Nf6 2. c4 g6 3. g3 Bg7 4. Bg2 O-O 5. Nc3 Nc6 6. e3 d6 7. Nge2 Bd7 8. b3
Qc8 9. O-O Bh3 10. Bb2 h5 11. d5 Ne5 12. Bxh3 Qxh3 13. Nf4 Qd7 14. Nd3 Nxd3 15.
Qxd3 h4 16. Kg2 c6 17. Rab1 a6 18. Ne4 h3+ 19. Kg1 c5 20. Nxf6+ Bxf6 21. Bxf6
exf6 22. e4 b5 23. Qc3 Kg7 24. f4 Rab8 25. e5 Qf5 26. Rbe1 bxc4 27. bxc4 Rb6 28.
Re2 Rfb8 29. e6 fxe6 30. dxe6 Re8 31. Rfe1 Rb1 32. Rxb1 Qxb1+ 33. Kf2 Qh1 34.
Qf3 Qxf3+ 35. Kxf3 f5 36. g4 fxg4+ 37. Kxg4 Kf6 38. Re3 Rxe6 39. Rd3 Ke7 40.
Rxh3 Re2 41. f5 Rg2+ 42. Rg3 gxf5+ 43. Kxf5 Rf2+ 44. Ke4 Ke6 45. Rg6+ Kd7 46. h4
Rh2 47. Rg4 Rxa2 48. Kd3 Rh2 49. Rg7+ Ke6 50. Rg6+ Ke5 51. Rg5+ Kf6 52. Rd5 Ke6
53. Rh5 Rh3+ 54. Kc2 a5 55. Rh8 a4 56. Re8+ Kf5 57. Ra8 a3 58. Ra6 Ke5 59. h5
Rxh5 60. Rxa3 Rh2+ 61. Kb1 Kd4 62. Ra6 Rh6 63. Ra4 Kc3 64. Ka2 Rh2+ 65. Ka3 Rd2 0-1

[Event "6th Sharjah Masters 2023"]
[Site "Sharjah UAE"]
[Date "2023.05.24"]
[Round "8.37"]
[White "Van Foreest, Lucas"]
[Black "Dragnev, Valentin"]
[Result "1/2-1/2"]
[WhiteTitle "GM"]
[BlackTitle "GM"]
[WhiteElo "2556"]
[BlackElo "2593"]
[WhiteFideId "1039792"]
[BlackFideId "1634852"]
[EventDate "2023.05.17"]
[EventType "swiss"]

1. e4 e5 2. Nf3 Nc6 3. Nc3 Nf6 4. d4 exd4 5. Nxd4 Bb4 6. Nxc6 bxc6 7. Bd3 d5 8.
Bd2 O-O 9. O-O Bxc3 10. Bxc3 dxe4 11. Bxf6 Qxf6 12. Bxe4 Qxb2 13. Bxc6 Rb8 14.
Rb1 Qxb1 15. Qxb1 Rxb1 16. Rxb1 Rd8 17. Bf3 Kf8 18. Rb8 Re8 19. h4 Ba6 20. Rb3
Be2 21. Bxe2 Rxe2 22. Rc3 Re4 1/2-1/2

[Event "6th Sharjah Masters 2023"]
[Site "Sharjah UAE"]
[Date "2023.05.24"]
[Round "8.38"]
[White "Bernadskiy, Vitaliy"]
[Black "Vasquez Schroeder, Rodrigo"]
[Result "1/2-1/2"]
[WhiteTitle "GM"]
[BlackTitle "GM"]
[WhiteElo "2592"]
[BlackElo "2524"]
[WhiteFideId "14100371"]
[BlackFideId "3400042"]
[EventDate "2023.05.17"]
[EventType "swiss"]

1. e4 e5 2. Nf3 Nc6 3. Bb5 a6 4. Ba4 Nf6 5. O-O Be7 6. Bxc6 dxc6 7. d3 Nd7 8.
Be3 O-O 9. Nc3 Bd6 10. Qe1 c5 11. Nd2 b5 12. a4 Rb8 13. axb5 axb5 14. f4 exf4
15. Bxf4 Bxf4 16. Rxf4 Ne5 17. Qe3 Qd6 18. Raf1 Be6 19. Ne2 Ra8 20. h3 Ra2 21.
Rb1 Rfa8 22. Rff1 f6 23. Kh1 b4 24. Nf3 b3 25. Nxe5 bxc2 26. Rbc1 Qxe5 27. Rxc2
Rxb2 28. Rxb2 Qxb2 29. Nf4 Ra1 30. Rg1 Rxg1+ 31. Kxg1 Qe5 32. Nxe6 Qxe6 33. Qxc5
Qe5 34. Qc6 Qd4+ 35. Kh1 Kf8 36. Qxc7 Qxd3 37. Qb8+ 1/2-1/2

[Event "6th Sharjah Masters 2023"]
[Site "Sharjah UAE"]
[Date "2023.05.24"]
[Round "8.39"]
[White "Socko, Bartosz"]
[Black "Iskandarov, Misratdin"]
[Result "0-1"]
[WhiteTitle "GM"]
[BlackTitle "GM"]
[WhiteElo "2591"]
[BlackElo "2577"]
[WhiteFideId "1107038"]
[BlackFideId "13400312"]
[EventDate "2023.05.17"]
[EventType "swiss"]

1. d4 Nf6 2. c4 g6 3. Nc3 Bg7 4. e4 O-O 5. Nf3 d6 6. Be2 e5 7. Be3 exd4 8. Nxd4
Re8 9. f3 c6 10. Bf2 d5 11. exd5 cxd5 12. O-O Nc6 13. c5 Nh5 14. Qd2 Be5 15. g3
Ng7 16. Rfd1 a6 17. Bf1 Ne6 18. Nxe6 Bxe6 19. Nxd5 Bxd5 20. Qxd5 Qf6 21. Kg2
Rac8 22. Rab1 Red8 23. Qe4 Bd4 24. Bxd4 Nxd4 25. b4 Nf5 26. Rxd8+ Rxd8 27. Re1
Qc3 28. Bc4 Kg7 29. Qe5+ Qxe5 30. Rxe5 Rd4 31. Bb3 Rxb4 32. Kf2 Kf8 33. Re4 Rb5
34. Rc4 Ne7 35. Ke3 Nc6 36. Ba4 Ra5 37. Ke4 Nd8 38. Bb3 Ke7 39. Ke3 Kd7 40. Rd4+
Kc7 41. Re4 Rxc5 42. Bxf7 Nxf7 43. Re7+ Kc6 44. Rxf7 Rc2 45. Rxh7 Rxa2 46. Rh6
b5 47. Rxg6+ Kc5 48. h4 b4 49. Kd3 a5 50. Rg5+ Kb6 51. h5 b3 52. Kc4 a4 53. h6
Rc2+ 54. Kd3 Rc8 55. Rg4 Ka5 56. Rg7 b2 57. Rb7 a3 58. Kd4 0-1

[Event "6th Sharjah Masters 2023"]
[Site "Sharjah UAE"]
[Date "2023.05.25"]
[Round "9.2"]
[White "Yu, Yangyi"]
[Black "Martirosyan, Haik M."]
[Result "1/2-1/2"]
[WhiteTitle "GM"]
[BlackTitle "GM"]
[WhiteElo "2729"]
[BlackElo "2675"]
[WhiteFideId "8603820"]
[BlackFideId "13306553"]
[EventDate "2023.05.17"]
[EventType "swiss"]

1. c4 e5 2. g3 Nf6 3. Bg2 d5 4. cxd5 Nxd5 5. Nf3 Nc6 6. O-O Nb6 7. Nc3 Be7 8. b3
O-O 9. Bb2 Bf5 10. d3 Qd7 11. a4 a6 12. a5 Nc8 13. Na4 Qe6 14. Rc1 f6 15. d4 Rd8
16. Nh4 exd4 17. Nxf5 Qxf5 18. Bxc6 bxc6 19. Rxc6 Qxa5 20. Qc2 d3 21. exd3 Qd5
22. Rxc7 Qxd3 23. Qc6 Qd5 24. Qxd5+ Rxd5 25. Re1 Rb5 26. Bd4 Rd5 27. Bb2 Rb5 28.
Bd4 Rd5 29. Bc5 Bxc5 30. Nxc5 Nd6 31. b4 a5 32. Rd7 axb4 33. Nb7 b3 34. Rxd6 Rb5
35. Nd8 h5 36. Nc6 b2 37. Rdd1 Ra6 38. Nd4 Rd5 39. Rb1 1/2-1/2

[Event "6th Sharjah Masters 2023"]
[Site "Sharjah UAE"]
[Date "2023.05.25"]
[Round "9.4"]
[White "Sevian, Samuel"]
[Black "Oparin, Grigoriy"]
[Result "1/2-1/2"]
[WhiteTitle "GM"]
[BlackTitle "GM"]
[WhiteElo "2684"]
[BlackElo "2667"]
[WhiteFideId "2040506"]
[BlackFideId "24125890"]
[EventDate "2023.05.17"]
[EventType "swiss"]

1. e4 c5 2. Nf3 e6 3. d4 cxd4 4. Nxd4 Nf6 5. Nc3 Nc6 6. Nxc6 bxc6 7. e5 Nd5 8.
Ne4 Qc7 9. f4 Qb6 10. c4 Ne3 11. Qd3 Bb4+ 12. Bd2 Ba6 13. Bxb4 Qxb4+ 14. Kf2
Qxb2+ 15. Be2 Nxc4 16. Rab1 Nxe5 17. fxe5 Qxe5 18. Qxa6 Qxe4 19. Rhd1 O-O 20.
Bf3 Qf5 21. Kg1 Rfc8 1/2-1/2

[Event "6th Sharjah Masters 2023"]
[Site "Sharjah UAE"]
[Date "2023.05.25"]
[Round "9.5"]
[White "Esipenko, Andrey"]
[Black "Sjugirov, Sanan"]
[Result "1/2-1/2"]
[WhiteTitle "GM"]
[BlackTitle "GM"]
[WhiteElo "2679"]
[BlackElo "2712"]
[WhiteFideId "24175439"]
[BlackFideId "4189302"]
[EventDate "2023.05.17"]
[EventType "swiss"]

1. Nf3 d5 2. g3 Bg4 3. Bg2 c6 4. O-O Nd7 5. h3 Bxf3 6. Bxf3 e5 7. d3 Ngf6 8. e4
Bc5 9. Nd2 O-O 10. Bg2 Re8 11. Qe2 a5 12. a4 Qc7 13. Kh1 Bb4 14. Nf3 1/2-1/2

[Event "6th Sharjah Masters 2023"]
[Site "Sharjah UAE"]
[Date "2023.05.25"]
[Round "9.6"]
[White "Niemann, Hans Moke"]
[Black "Kadric, Denis"]
[Result "1-0"]
[WhiteTitle "GM"]
[BlackTitle "GM"]
[WhiteElo "2708"]
[BlackElo "2601"]
[WhiteFideId "2093596"]
[BlackFideId "14403803"]
[EventDate "2023.05.17"]
[EventType "swiss"]

1. d4 Nf6 2. c4 g6 3. Nc3 Bg7 4. e4 d6 5. h3 e5 6. d5 a5 7. Be3 Na6 8. Be2 O-O
9. Nf3 Nh5 10. Nd2 Nf4 11. Bf1 f5 12. g3 g5 13. exf5 Bxf5 14. Nde4 Qe8 15. f3
Nh5 16. g4 Bxe4 17. Nxe4 Nf4 18. Nxg5 Bh6 19. Ne6 Nxe6 20. Bxh6 Nd4 21. Bxf8
Qxf8 22. Bg2 Nb4 23. O-O Qf4 24. Rf2 Rf8 25. Qd2 Qg3 26. a3 Na6 27. Raf1 Rf4 28.
Qxa5 Nc5 29. Qd2 h5 30. b4 Nd7 31. Re1 Nf6 32. Re3 Nh7 33. Re4 Ng5 34. Rxf4
Nxh3+ 35. Kf1 Nxf4 36. gxh5 Nf5 37. h6 Qh4 38. Kg1 Ng3 39. a4 Qxh6 40. a5 Qg7
41. b5 Kf7 42. a6 bxa6 43. bxa6 Qh8 44. a7 Qa8 45. Qa5 Qb7 46. a8=Q Qb1+ 47. Bf1
Nfe2+ 48. Rxe2 1-0

[Event "6th Sharjah Masters 2023"]
[Site "Sharjah UAE"]
[Date "2023.05.25"]
[Round "9.7"]
[White "Nguyen, Thai Dai Van"]
[Black "Praggnanandhaa, R"]
[Result "1/2-1/2"]
[WhiteTitle "GM"]
[BlackTitle "GM"]
[WhiteElo "2645"]
[BlackElo "2688"]
[WhiteFideId "358878"]
[BlackFideId "25059530"]
[EventDate "2023.05.17"]
[EventType "swiss"]

1. e4 c5 2. Nf3 Nc6 3. Bb5 e6 4. O-O Nge7 5. d4 cxd4 6. Nxd4 Ng6 7. c3 Be7 8.
Be3 O-O 9. Nd2 a6 10. Be2 Nxd4 11. cxd4 b5 12. Bd3 Bb7 13. Qh5 Qe8 14. Rfe1 f6
15. Rad1 Qf7 16. Bb1 Rac8 17. Nb3 Ba8 1/2-1/2

[Event "6th Sharjah Masters 2023"]
[Site "Sharjah UAE"]
[Date "2023.05.25"]
[Round "9.8"]
[White "Nihal, Sarin"]
[Black "Korobov, Anton"]
[Result "1/2-1/2"]
[WhiteTitle "GM"]
[BlackTitle "GM"]
[WhiteElo "2673"]
[BlackElo "2664"]
[WhiteFideId "25092340"]
[BlackFideId "14105730"]
[EventDate "2023.05.17"]
[EventType "swiss"]

1. e4 c5 2. Nf3 d6 3. Nc3 Nf6 4. d4 cxd4 5. Qxd4 Nc6 6. Qe3 e6 7. b3 Be7 8. Bb2
a6 9. h3 Qc7 10. O-O-O b5 11. g4 Bb7 12. g5 Nd7 13. Kb1 Nc5 14. h4 O-O-O 15. Bg2
Kb8 16. Ne2 Rhg8 17. Ng3 g6 18. Rd2 e5 19. Rhd1 Rgf8 20. Bh3 f6 21. h5 fxg5 22.
hxg6 hxg6 23. Nxg5 Nd4 24. Bxd4 exd4 25. Rxd4 Bf6 26. R4d2 Rfe8 27. f4 b4 28.
Bf1 Bc3 29. Bc4 Bxd2 30. Qxd2 Nxe4 31. N3xe4 d5 32. Qxb4 dxc4 33. Rxd8+ Qxd8 34.
Nc5 Qe7 35. Nxa6+ Ka7 36. Nc5 Qe1+ 37. Qxe1 Rxe1+ 38. Kb2 Bc8 39. Kc3 cxb3 40.
axb3 Bf5 41. Kd4 Bxc2 42. Nf3 Re8 43. Ne5 Bf5 44. Ne4 Rd8+ 45. Ke3 Kb6 46. b4
Rb8 47. Nc3 Kc7 48. b5 Rd8 49. Na4 Kb7 50. Nc3 Kb6 51. Nc4+ Kc5 52. Ne5 Ra8 53.
Kd2 Rh8 54. Ke3 Rh7 55. Ne4+ Kxb5 56. Kd4 Kb6 57. Nf6 Rg7 58. Nd5+ Kb7 59. Kc5
g5 60. Ne3 gxf4 61. Nxf5 Rg5 62. Nd6+ Kc7 63. Kd4 1/2-1/2

[Event "6th Sharjah Masters 2023"]
[Site "Sharjah UAE"]
[Date "2023.05.25"]
[Round "9.9"]
[White "Maghsoodloo, Parham"]
[Black "Mchedlishvili, Mikheil"]
[Result "1/2-1/2"]
[WhiteTitle "GM"]
[BlackTitle "GM"]
[WhiteElo "2734"]
[BlackElo "2553"]
[WhiteFideId "12539929"]
[BlackFideId "13600966"]
[EventDate "2023.05.17"]
[EventType "swiss"]

1. d4 d5 2. c4 e6 3. Nf3 Nf6 4. g3 dxc4 5. Bg2 c5 6. O-O Nc6 7. dxc5 Qxd1 8.
Rxd1 Bxc5 9. Nbd2 c3 10. bxc3 O-O 11. c4 Bd7 12. Bb2 Be7 13. Ne1 Rac8 14. c5
Rfd8 15. Nd3 Be8 16. Nc4 Rc7 17. Rac1 Nd4 18. Kf1 Bc6 19. Bh3 Ba4 20. Kg1 Be8
21. Bg2 Bxc5 22. Nf4 1/2-1/2

[Event "6th Sharjah Masters 2023"]
[Site "Sharjah UAE"]
[Date "2023.05.25"]
[Round "9.10"]
[White "Cheparinov, Ivan"]
[Black "Kovalev, Vladislav"]
[Result "1-0"]
[WhiteTitle "GM"]
[BlackTitle "GM"]
[WhiteElo "2660"]
[BlackElo "2612"]
[WhiteFideId "2905540"]
[BlackFideId "13504398"]
[EventDate "2023.05.17"]
[EventType "swiss"]

1. e4 e5 2. Nf3 Nc6 3. Bb5 a6 4. Ba4 d6 5. O-O Bg4 6. h3 h5 7. d4 b5 8. Bb3 Nxd4
9. hxg4 hxg4 10. Ng5 Nh6 11. Bd5 c6 12. c3 cxd5 13. cxd4 Be7 14. Qd2 dxe4 15.
Nc3 Nf5 16. Ngxe4 Nxd4 17. Ng3 f5 18. Qd3 O-O 19. Nd5 f4 20. Nh5 Nf5 21. Qe2 Qe8
22. Qxg4 Qf7 23. Nhxf4 Bh4 24. Ng6 Qxd5 25. Nxh4 Qd4 26. Qxd4 Nxd4 27. Be3 Ne2+
28. Kh2 Rac8 29. Rad1 Rc4 30. g3 Rg4 31. Rfe1 g5 32. Ng6 1-0

[Event "6th Sharjah Masters 2023"]
[Site "Sharjah UAE"]
[Date "2023.05.25"]
[Round "9.11"]
[White "Narayanan, S.L."]
[Black "Aditya, Mittal"]
[Result "1-0"]
[WhiteTitle "GM"]
[BlackTitle "GM"]
[WhiteElo "2660"]
[BlackElo "2522"]
[WhiteFideId "5058422"]
[BlackFideId "35042025"]
[EventDate "2023.05.17"]
[EventType "swiss"]

1. c4 e6 2. Nc3 Nf6 3. e4 c5 4. e5 Ng8 5. d4 cxd4 6. Qxd4 Nc6 7. Qf4 d6 8. Nf3
Nb4 9. Qe4 dxe5 10. Nxe5 Qa5 11. Qe2 Bd6 12. Nd3 Ne7 13. Nxb4 Bxb4 14. Bd2 Nc6
15. Rc1 Qf5 16. a3 Nd4 17. Qe3 Bc5 18. Ne4 Nb3 19. Nxc5 Nxc5 20. b4 Nd7 21. Bd3
Qe5 22. Qxe5 Nxe5 23. Be2 Nc6 24. Bc3 e5 25. b5 Nd4 26. Bxd4 exd4 27. Rd1 a6 28.
a4 axb5 29. axb5 O-O 30. O-O Rd8 31. Rd2 Bf5 32. g4 Be6 33. Rfd1 Kf8 34. Rxd4
Rxd4 35. Rxd4 Ke7 36. f4 Ra2 37. Bf3 b6 38. f5 Bd7 39. h3 h5 40. f6+ gxf6 41.
gxh5 Bxh3 42. h6 Bf5 43. Rh4 Bh7 44. c5 bxc5 45. b6 Kd6 46. b7 Kc7 47. Rg4 Ra3
48. Kg2 Ra2+ 49. Kg3 Ra3 50. Rg7 Be4 51. Rxf7+ Kb8 52. Kf4 1-0

[Event "6th Sharjah Masters 2023"]
[Site "Sharjah UAE"]
[Date "2023.05.25"]
[Round "9.12"]
[White "Adhiban, Baskaran"]
[Black "Yilmaz, Mustafa"]
[Result "1-0"]
[WhiteTitle "GM"]
[BlackTitle "GM"]
[WhiteElo "2589"]
[BlackElo "2641"]
[WhiteFideId "5018471"]
[BlackFideId "6302718"]
[EventDate "2023.05.17"]
[EventType "swiss"]

1. d4 Nf6 2. c4 e6 3. Nf3 d5 4. Nc3 Bb4 5. g3 O-O 6. Bg2 dxc4 7. O-O Nc6 8. Re1
Rb8 9. e4 b5 10. a3 Ba5 11. e5 Nd5 12. Ng5 h6 13. Nge4 Nce7 14. Bd2 Bb6 15. Qh5
Nf5 16. Rad1 f6 17. Nxd5 exd5 18. Nxf6+ gxf6 19. Qg6+ Ng7 20. Bxh6 Rf7 21. e6
Re7 22. Bxg7 Rxg7 23. e7 Qxe7 24. Qh5 Rh7 25. Qxd5+ Be6 26. Rxe6 Qf7 27. Qxb5
Qh5 28. Qxh5 Rxh5 29. Rxf6 Rb5 30. Bf1 Rxb2 31. Bxc4+ Kh8 32. Kg2 Rd8 33. Rf4
Rc2 34. d5 Bc5 35. a4 Re8 36. Bd3 Ra2 37. Rc1 Bd6 38. Rh4+ Kg8 39. Rc2 Ra3 40.
Re2 1-0

[Event "6th Sharjah Masters 2023"]
[Site "Sharjah UAE"]
[Date "2023.05.25"]
[Round "9.13"]
[White "Abasov, Nijat"]
[Black "Vakhidov, Jakhongir"]
[Result "1/2-1/2"]
[WhiteTitle "GM"]
[BlackTitle "GM"]
[WhiteElo "2634"]
[BlackElo "2607"]
[WhiteFideId "13402960"]
[BlackFideId "14201801"]
[EventDate "2023.05.17"]
[EventType "swiss"]

1. e4 c5 2. Nf3 d6 3. c3 Nf6 4. h3 g6 5. Bd3 Bg7 6. Bc2 O-O 7. d4 cxd4 8. cxd4
Nc6 9. Nc3 e5 10. O-O exd4 11. Nxd4 d5 12. Nxc6 bxc6 13. e5 Nd7 14. f4 f6 15. e6
Nc5 16. f5 gxf5 17. Bxf5 Bxe6 18. Be3 Bxf5 19. Bxc5 Bg6 20. Bxf8 Qb6+ 1/2-1/2

[Event "6th Sharjah Masters 2023"]
[Site "Sharjah UAE"]
[Date "2023.05.25"]
[Round "9.14"]
[White "Dardha, Daniel"]
[Black "Murzin, Volodar"]
[Result "1-0"]
[WhiteTitle "GM"]
[BlackTitle "GM"]
[WhiteElo "2631"]
[BlackElo "2604"]
[WhiteFideId "240990"]
[BlackFideId "44155573"]
[EventDate "2023.05.17"]
[EventType "swiss"]

1. d4 d5 2. c4 c6 3. Nf3 Nf6 4. e3 Bf5 5. Nc3 e6 6. Nh4 Be4 7. f3 Bg6 8. Bd2 Be7
9. Qb3 Qc7 10. cxd5 cxd5 11. Nxg6 hxg6 12. O-O-O Nc6 13. Kb1 a6 14. Rc1 Nd7 15.
Bd3 Rc8 16. e4 dxe4 17. Nxe4 Qb6 18. Qxb6 Nxb6 19. Nc5 Bxc5 20. dxc5 Nd5 21. h4
Rd8 22. Rcd1 Nf6 23. Be3 Nb4 24. Be2 Rxd1+ 25. Bxd1 Nfd5 26. Bd2 f6 27. a3 Nc6
28. f4 Kf7 29. Rh3 Rd8 30. Rd3 Nc3+ 31. Rxc3 Rxd2 32. Bf3 Na5 33. g3 Ke7 34. Kc1
Rd4 35. Kc2 e5 36. fxe5 fxe5 37. b4 Nc6 38. Rd3 Ke6 39. Kd2 g5 40. hxg5 Kf5 41.
Rxd4 exd4 42. Bg2 Kxg5 43. Kd3 Nd8 44. Kxd4 Kg4 45. a4 Kxg3 46. Bxb7 Nxb7 47.
Kd5 Nd8 48. b5 axb5 49. axb5 1-0